000
00359nam a2200181Ia 4500
100
_a
Burke/Bill/ Haefel/R.M
650
_a
Java
250
_a
5
942
_c
BK
366
_f
20
654
_a
javabeans
245
_a
Enterprise Javabeans 3.0
260
_b
O'reilly
_c
2006
082
_a
5.133
_b
BUR
300
_a
732
546
_a
ENGLISH
999
_c
28361
_d
28361